Statistics for Of Monsters and Men songs by first line

Click here to take the quiz!

General Stats

  • This quiz has been taken 41 times
  • The average score is 6 of 7

Answer Stats

LineSong% Correct
I don't like walking around this old and empty houseLittle Talks
100%
Jumping up and down the floorDirty Paws
94%
Lost in skies of powdered goldCrystals
85%
Taking over this town they should worryKing and Lionheart
85%
I heard them calling in the distanceMountain Sound
79%
We came here on his backFrom Finner
76%
In the spring we made a boatYour Bones
73%

Score Distribution

Percentile by Number Answered

Percent of People with Each Score

Your Score History

You have not taken this quiz